000 00434pab a2200157 454500
008 180718b2004 xxu||||| |||| 00| 0 eng d
100 _aPalo, Sasmita
245 _aChanging collective bargaining structure: macro and micro level evidences
260 _c2004
300 _ap.1159-173.
362 _aOct-Dec
650 _aLabour
650 _aCollective bargaining
773 _aIndian Journal of Labour Economics
909 _a63952
999 _c63952
_d63952